[Event "Berlin Werner Ott op"]
[Site "Berlin"]
[Date "2022.07.17"]
[Round "9"]
[White "Otter, Nils"]
[Black "Gebigke, Martin"]
[Result "0-1"]
[WhiteElo "1808"]
[BlackElo "2085"]
[PlyCount "126"]
[EventDate "2022.07.09"]
[EventType "swiss"]
[EventRounds "9"]
[EventCountry "GER"]
[SourceTitle "CBM 209 Extra"]
[Source "ChessBase"]
[SourceDate "2022.09.30"]
[SourceVersion "1"]
[SourceVersionDate "2022.09.30"]
[SourceQuality "1"]

1. Nf3 Nf6 2. c4 e6 3. g3 d5 4. b3 d4 5. Bb2 c5 6. Bg2 Nc6 7. 0-0 Be7 8. e3 0-0 9. b4 dxe3 10. fxe3 Nxb4 11. d4 Ng4 12. Re1 Bf6 13. h3 Nxe3 14. Rxe3 cxd4 15. Rb3 Nc6 16. Qd3 e5 17. Nbd2 Be7 18. a3 f5 19. Qf1 e4 20. Ne1 Bg5 21. Rd1 Be3+ 22. Kh1 Qg5 23. Nc2 Bxd2 24. Nxd4 Nxd4 25. Bxd4 Qh6 26. Qe2 Bg5 27. Bc5 Re8 28. h4 b6 29. Bg1 Bb7 30. Bh2 Bf6 31. c5 Be5 32. cxb6 axb6 33. Rd7 Qc6 34. Qd1 Bf6 35. Bg1 Rad8 36. Rxd8 Rxd8 37. Qf1 Qd5 38. Rxb6 Bc6 39. Qa6 Ra8 40. Qe2 Rxa3 41. Rb8+ Bd8 42. Bb6 Ra8 43. Rxa8 Bxa8 44. Be3 Bc6 45. Bf1 h6 46. Qa6 Kh7 47. Be2 Bf6 48. Kg2 Bb7 49. Qa4 Bc6 50. Qa6 Qd7 51. h5 Bd5 52. Bb5 Qf7 53. Be2 Qe6 54. Qa4 Bg5 55. Qd4 Bxe3 56. Qxe3 Bc4 57. Bd1 Qd6 58. Bc2 Qe5 59. g4 Bd5 60. g5 f4 61. g6+ Kh8 62. Qc5 e3+ 63. Kg1 Qa1+ 0-1

[Event "Berlin Lichtenberger op 17th"]
[Site "Berlin"]
[Date "2018.08.20"]
[Round "3"]
[White "Otter, Nils"]
[Black "Pathasart, Somchay"]
[Result "1-0"]
[WhiteElo "1723"]
[BlackElo "1750"]
[PlyCount "97"]
[EventDate "2018.08.18"]
[EventType "swiss"]
[EventRounds "9"]
[EventCountry "GER"]
[SourceTitle "CBM 186 Extra"]
[Source "ChessBase"]
[SourceDate "2018.08.24"]
[SourceVersion "1"]
[SourceVersionDate "2018.08.24"]
[SourceQuality "1"]

1. e4 e5 2. f4 exf4 3. Nf3 Be7 4. Bc4 Nf6 5. Nc3 Nxe4 6. Bxf7+ Kxf7 7. Nxe4 Rf8 8. 0-0 d5 9. Nf2 Kg8 10. d4 Nc6 11. c3 Qd6 12. Nd3 Bg4 13. Bd2 Rae8 14. Qc1 Bf5 15. Bxf4 Qd7 16. Nde5 Qc8 17. Nxc6 bxc6 18. Ne5 Qe6 19. Qe3 Be4 20. Qg3 Bd6 21. b4 Be7 22. Rae1 h5 23. h4 Bd6 24. a4 a6 25. a5 Bxe5 26. Bxe5 Qg4 27. Qxg4 hxg4 28. Bxc7 Rxf1+ 29. Rxf1 Rf8 30. Bf4 Kh7 31. Kh2 Kg6 32. Kg3 Kh5 33. Rf2 g6 34. Bg5 Rf5 35. Rf4 Rxf4 36. Bxf4 Bf5 37. Bg5 Be4 38. Kf2 Bf5 39. g3 Bd3 40. Ke3 Bb5 41. Kf4 Bc4 42. Ke5 Bb5 43. Kd6 Ba4 44. Kc5 Bb5 45. Kb6 Bc4 46. Kxc6 Bb3 47. b5 Ba4 48. Kxd5 Bxb5 49. c4 1-0

[Event "Berlin Lichtenberger op 17th"]
[Site "Berlin"]
[Date "2018.08.19"]
[Round "2"]
[White "Nohr, Jonas"]
[Black "Otter, Nils"]
[Result "1-0"]
[WhiteElo "2100"]
[BlackElo "1723"]
[PlyCount "95"]
[EventDate "2018.08.18"]
[EventType "swiss"]
[EventRounds "9"]
[EventCountry "GER"]
[SourceTitle "CBM 186 Extra"]
[Source "ChessBase"]
[SourceDate "2018.08.24"]
[SourceVersion "1"]
[SourceVersionDate "2018.08.24"]
[SourceQuality "1"]

1. d4 Nf6 2. c4 e5 3. d5 Bc5 4. e3 d6 5. Nc3 0-0 6. Nge2 Bg4 7. f3 Bh5 8. Ng3 a5 9. e4 h6 10. Bd3 Na6 11. Qe2 Bg6 12. Be3 Nh5 13. Nxh5 Bxh5 14. g4 Bxe3 15. Qxe3 Qh4+ 16. Qf2 Qxf2+ 17. Kxf2 Nc5 18. Ke3 Bg6 19. h4 h5 20. Ne2 c6 21. Ng3 b5 22. dxc6 Nxd3 23. Kxd3 bxc4+ 24. Kxc4 Rfc8 25. gxh5 Rxc6+ 26. Kd3 Bh7 27. Rac1 Rb6 28. Rh2 d5 29. Rhc2 dxe4+ 30. fxe4 Rd8+ 31. Ke3 Rbd6 32. Rc8 Rd3+ 33. Ke2 Rd2+ 34. Ke1 f6 35. Rxd8+ Rxd8 36. Ke2 Rd4 37. Ke3 Rb4 38. b3 a4 39. Rc4 Rxc4 40. bxc4 Kf8 41. Ne2 Bg8 42. Kd3 Bf7 43. Ng3 Be8 44. a3 Kg8 45. c5 Kh7 46. Kc4 g6 47. hxg6+ Kxg6 48. Kd5 1-0

[Event "Berlin Lichtenberger op 16th"]
[Site "Berlin"]
[Date "2017.08.21"]
[Round "3"]
[White "Timm, Christian"]
[Black "Otter, Nils"]
[Result "0-1"]
[WhiteElo "1605"]
[BlackElo "1759"]
[PlyCount "196"]
[EventDate "2017.08.19"]
[EventType "swiss"]
[EventRounds "9"]
[EventCountry "GER"]
[SourceTitle "CBM 180 Extra"]
[Source "ChessBase"]
[SourceDate "2017.10.06"]
[SourceVersion "1"]
[SourceVersionDate "2017.10.06"]
[SourceQuality "1"]

1. e4 c5 2. c3 d5 3. exd5 Qxd5 4. Qf3 Nf6 5. d3 Nc6 6. Be3 e6 7. Na3 a6 8. Nc4 Qd8 9. Ne2 Bd7 10. Rd1 b5 11. Na3 Be7 12. d4 c4 13. Nc2 0-0 14. g4 b4 15. g5 Nd5 16. h4 Qa5 17. Nf4 bxc3 18. Nxd5 cxb2+ 19. Bd2 Qxd5 20. Qxd5 exd5 21. Bc3 Rab8 22. Rb1 Bf5 23. Kd2 Nb4 24. Rxb2 Nxc2 25. Rxc2 Bxc2 26. Kxc2 Bb4 27. Bb2 Rfe8 28. a3 Ba5 29. Bc1 Re1 30. Bg2 Re2+ 31. Kd1 Rxf2 32. Bxd5 c3 33. Be4 Rc8 34. Bc2 Rd8 35. Be3 Rf3 36. Ke2 Rxe3+ 37. Kxe3 Bb6 38. Rd1 h6 39. gxh6 gxh6 40. Ke4 Kg7 41. d5 Bc5 42. a4 Kf6 43. Rf1+ Ke7 44. Rf5 Rb8 45. Re5+ Kd6 46. Rh5 Rh8 47. Kd3 Bb4 48. Bb3 a5 49. Rf5 Rh7 50. Rh5 f6 51. Bc2 Rh8 52. Kd4 Ke7 53. Rf5 Kf7 54. h5 Rg8 55. Rf4 Rg5 56. Bg6+ Kg7 57. Rf2 Rg3 58. Rc2 Rg4+ 59. Ke3 Rc4 60. Kd3 Rc7 61. Re2 Bd6 62. Kc2 Be5 63. Rg2 Kf8 64. Bf5 Rb7 65. Rg4 Rb2+ 66. Kd1 Rd2+ 67. Kc1 Rxd5 68. Be6 Rd6 69. Rg8+ Ke7 70. Bf5 Rd4 71. Rg7+ Kf8 72. Rg6 Rxa4 73. Kc2 Ra2+ 74. Kb3 Rb2+ 75. Ka3 c2 76. Rg1 Rb1 77. Rxb1 cxb1Q 78. Bxb1 Ke7 79. Be4 Kd6 80. Ka4 Bc3 81. Kb3 Bb4 82. Kc4 Ke5 83. Bc2 Kf4 84. Kd4 f5 85. Kd3 Kf3 86. Bd1+ Kf2 87. Kd4 Bd2 88. Bc2 f4 89. Kc4 Kg3 90. Bd1 Kf2 91. Kd3 Ke1 92. Bf3 a4 93. Kc2 Be3 94. Kb2 Bc5 95. Be4 Kd2 96. Bf3 Ke3 97. Bd1 a3+ 98. Ka2 f3 0-1

[Event "Berlin Lichtenberger op 16th"]
[Site "Berlin"]
[Date "2017.08.19"]
[Round "1"]
[White "Postler, Reinhard"]
[Black "Otter, Nils"]
[Result "1-0"]
[WhiteElo "2250"]
[BlackElo "1759"]
[PlyCount "75"]
[EventDate "2017.08.19"]
[EventType "swiss"]
[EventRounds "9"]
[EventCountry "GER"]
[SourceTitle "CBM 180 Extra"]
[Source "ChessBase"]
[SourceDate "2017.10.06"]
[SourceVersion "1"]
[SourceVersionDate "2017.10.06"]
[SourceQuality "1"]

1. e4 c5 2. Nf3 Nc6 3. d4 cxd4 4. Nxd4 e5 5. Nb5 d6 6. c4 a6 7. N5a3 f5 8. Nc3 Nf6 9. Bd3 f4 10. Nc2 Be7 11. Nd5 0-0 12. 0-0 g5 13. f3 Kh8 14. Be2 Rg8 15. Bd2 h5 16. Nxe7 Qxe7 17. Qe1 Be6 18. b3 Rg7 19. Kh1 Rh7 20. Rd1 Rg8 21. Bc3 h4 22. Qd2 Nh5 23. Kg1 Ng3 24. Rf2 Rd8 25. Nb4 Nxb4 26. Bxb4 Qf6 27. Bxd6 Rhd7 28. c5 h3 29. Bc4 Bxc4 30. bxc4 b6 31. Qd5 Rxd6 32. cxd6 hxg2 33. hxg3 fxg3 34. Rxg2 Qf4 35. Qd2 Qxf3 36. Qe1 Rd7 37. Rxg3 Qf4 38. Qe3 1-0